| 000 | 00442nam a2200181Ia 4500 | ||
|---|---|---|---|
| 005 | 20240823044124.0 | ||
| 008 | 240823s9999||||xx |||||||||||||| ||und|| | ||
| 041 | _aENGLISH | ||
| 082 | _A621.313 K6 | ||
| 100 | _aEdwin P Anderson | ||
| 245 | 0 | _aAudels Electric Motor Guide | |
| 250 | _a1st | ||
| 260 |
_c1966 _bD B Paraporevala sons |
||
| 500 | _aTRANSFERED | ||
| 650 |
_aElectric Motor _bElectronics |
||
| 942 | _cBK | ||
| 999 |
_c211826 _d211826 |
||